000 05015nam a22002897a 4500
003 DO-SdBNP
005 20210414124650.0
008 210217b2001 dr 00| 0 spa d
020 _a9993439134
040 _aBPMSU
_bspa
_cBPMSU
082 _aRD864.5
_bF727d, 2001
_222
100 _aFornerín, Miguel Ángel
245 _aLa dominicanidad viajera :
_bensayos sobre diáspora, cultura, sociedad,política y literatura en el Santo Domingo de fin de siglo /
_cMiguel Ángel Fornerín ; editor Govanni Di Pietro
260 _aPuerto Rico :
_bImago Mundi,
_eSanto Domingo
_c2001.
300 _a312 p. ;
_c23 cm.
500 _aIncluye datos biográficos del autor en la solapa de la cubierta.
505 0 _aPrólogo -- Por ahí viene Juanita -- ¡Llegó Juanita! -- Los hijos de Juanita -- Un país imaginado -- La imaginación insular -- Nosotros y la nación -- Envío de valores -- Retorno al país natal -- La otra nación -- El Lover -- Fundar la nación -- Haití y nosotros -- La verdadera historia de Makandal -- Una dominicanidad angustiada -- Un país en construcción -- ¿Del burro a la yipeta o de la yipeta al burro? -- Nación, lengua y emigración -- La lengua del emigrado -- ¿Por qué se va la gente del país? -- El Peña Gómez de todos -- El emigrante como traidor -- Convergencias -- Divergencias -- Perspectivas migratorias -- El muerto viajero -- Imágenes del dominicano -- El merengue que somos -- La bachata: otro cantar -- A ritmo de tambora y con saxofones -- Un merengue que da la hora -- Los dominicanos y la ciudadanía americana -- La vaca yel conuco -- El pan chiquito de cada día -- Don Mon habla por Manuel -- El héroe Mon -- Nuestro sentido de las leyes -- Bosch y la educación -- Una descripción desoladora -- Un malestar en la cultura -- La cultura en muletas -- Universidad y cultura -- Los intelectuales -- Intelectualidad de la miseria -- Tenía que llegar, Febrero -- ¿Una nación esperanzada? -- La esperanza... -- No olvidemos a Haití -- Patria es... -- El ocaso de los líderes -- ¿Quién defiende al pueblo? -- Un bestiario político -- Analfabetos cash -- La comesola -- De su mismo género -- ¿Es la economía un estado del alma? -- ¿Cómo esta la cosa? -- El estado en la orilla -- El estado en el margen -- Un estado policíaco -- Los generales en su laberinto -- Ciudadanos o consumidores -- Olvido del pasado -- Pobres y consumidores -- La economía salvaje -- Curiosidades de la economía -- El artículo de las preguntas -- Como el chivo sin ley -- El presidente de Puerto Rico -- Sobre los líderes -- ¿Quién administra mejor? -- Entre la espadas, la palabra -- El burro, crítico literario -- La corrupción como cultura -- La política salvaje -- La violencia nuestra -- Las respuestas a la violencia -- Mirada irónica -- Instrucciones para robots -- La única patria -- Los proyectistas -- ¿Quién legitima a quién? -- Los males del popularismo -- Pan y poesía -- Contra la reelección -- La tecnoeuforia -- Un concierto para la esperanza 197 -- La sombra del guerrero 199 -- Balaguer, el hombre -- El hombre fuerte -- Los que quieren enterrar a Balaguer -- Señor, ora pro nobis -- En mi hambre mando yo -- De cosmética y frivolidades -- El alma y el cuerpo -- Balaguer y la poesía -- Balaguer, poeta -- El canon Balaguer -- Con los griegos -- Balaguer forever -- El doctor Cordones de ríe -- Buscando a Federico García Lorca -- El tiempo, el tiempo -- ¿Hay un hombre en el balcón? -- Los que comen solos -- Perdido en la biblioteca -- El palacio del Príncipe -- Iglesias debajo de los puentes -- Como yo nadie baila el carabiné -- La muerte minúscula, la muerte mayúscula -- Antígona en las islas -- El bufeo y los placeres -- Mientras dormía... -- El peatón es perro -- Hemos topado con la iglesia -- Se hacen prólogos -- Elogio de la brevedad -- Bosch, el político del siglo -- Como si el sur doliera -- Retratos -- Tristes trópicos -- De erratas y erritas -- Memorial por Manuel Rueda -- Año nuevo en Vieques -- Cosas del autoritarismo -- ¿Quién salvará a Elián González? -- La república náufraga -- La república náufraga (Segundo acto) -- La república náufraga (Tercer acto) -- La república náufraga (Cuarto acto) -- Juan Bosch, el fracasado -- En el museo de los relojes -- El componedor de relojes -- Borges y el viaje -- La esfera maravillosa -- El mundo de un país -- Esta noche, Juan -- Leer a Ortega y Gasset -- San Pedro de Macorís en la obra de Mir -- Nota final.
590 _6Inventariado, 2021/VM
650 4 _aEnsayos Dominicanos
_6
650 4 _aLiteratura dominicana
651 4 _aRepública dominicana
_xEmigración e Inmigración
_vEnsayos , coferencias, etc.
651 4 _aRepública Dominicana
_xCaracterísticas Nacionales
700 1 _aDi pietro, Giovanni
_eed.
700 1 _aLópez Ramírez, Tomás,
_epról.
910 _aVMateo
942 _2ddc
_cBK
999 _c13372
_d13372